000 00639nam a2200241Ia 4500
003 OSt
005 20221007110406.0
006 a|||||r|||| 00| 0
007 ta
008 221006b |||||||| |||| 00| 0 eng d
024 _a21,040
037 _cTextual
040 _aLCO
_cLCO
_beng
041 _2eng
_aeng
082 _aZt.2.N52, L3
100 _aGhosh S.K.
245 0 _aCommissions of Inquiry Act 1952
260 _aCalcutta
_bEastern Law House India
_c1973
300 _a147
650 _aCOMMISSIONS
_9707429
942 _hZt.2.N52, L3
_cTEXL
999 _c1190603
_d1190603